Historia de los Agustinos Recoletos / (Record n. 26097)
[ formato base ]
| 000 -LEADER | |
|---|---|
| fixed length control field | 01008nam a2200289 i 4500 |
| 003 - CONTROL NUMBER IDENTIFIER | |
| control field | IT-RoINE |
| 005 - DATE AND TIME OF LATEST TRANSACTION | |
| control field | 20180717050040.0 |
| 008 - FIXED-LENGTH DATA ELEMENTS--GENERAL INFORMATION | |
| fixed length control field | 960722m19952015sp ab |r 001|||spa|d |
| 020 ## - INTERNATIONAL STANDARD BOOK NUMBER | |
| International Standard Book Number | 8485096533 (O.c.) |
| 020 ## - INTERNATIONAL STANDARD BOOK NUMBER | |
| International Standard Book Number | 9788485096534 |
| 020 ## - INTERNATIONAL STANDARD BOOK NUMBER | |
| International Standard Book Number | 8485096517 (V. 1) |
| 020 ## - INTERNATIONAL STANDARD BOOK NUMBER | |
| International Standard Book Number | 9788485096527 (V. 2) |
| 040 ## - CATALOGING SOURCE | |
| Original cataloging agency | SpMaBN |
| Transcribing agency | SpMaBN IT-RoINE |
| Modifying agency | IT-RoINE |
| 100 1# - MAIN ENTRY--PERSONAL NAME | |
| Personal name | Martínez Cuesta, Ángel, |
| Dates associated with a name | 1938- |
| 9 (RLIN) | 4842 |
| Titles and other words associated with a name | O.R.S.A., |
| 245 10 - TITLE STATEMENT | |
| Title | Historia de los Agustinos Recoletos / |
| Statement of responsibility, etc | Ángel Martínez Cuesta. |
| 260 ## - PUBLICATION, DISTRIBUTION, ETC. (IMPRINT) | |
| Place of publication, distribution, etc | Madrid : |
| Name of publisher, distributor, etc | Augustinus, |
| Date of publication, distribution, etc | 1995-<2015> |
| 300 ## - PHYSICAL DESCRIPTION | |
| Extent | v. <1-2> : |
| Other physical details | il. col. y n., mapas ; |
| Dimensions | 22 cm. |
| 336 ## - CONTENT TYPE | |
| Content type term | Texto (visual) |
| Source | rdacontent |
| 337 ## - MEDIA TYPE | |
| Source | rdamedia |
| Media type term | unmediated |
| 338 ## - CARRIER TYPE | |
| Source | rdacarrier |
| Carrier type term | volume |
| 500 0# - GENERAL NOTE | |
| General note | En 3 v. |
| 500 0# - GENERAL NOTE | |
| General note | Incluye índices. |
| 504 ## - BIBLIOGRAPHY, ETC. NOTE | |
| Bibliography, etc | Incluye referencias bibliográficas. |
| 505 1# - FORMATTED CONTENTS NOTE | |
| Formatted contents note | V. 1. Desde los orígenes hasta el siglo XIX (749 p.) -- V. 2. El siglo XIX (1097 p.). |
| 610 24 - SUBJECT ADDED ENTRY--CORPORATE NAME | |
| Corporate name or jurisdiction name as entry element | Agustinos Recoletos |
| 9 (RLIN) | 26277 |
| General subdivision | Historia |
| 942 ## - ADDED ENTRY ELEMENTS (KOHA) | |
| Item type | Monografías |
| Withdrawn status | Lost status | Damaged status | Not for loan | Home library | Current library | Date acquired | Total Checkouts | Full call number | Barcode | Date last seen | Price effective from | Koha item type | Public note |
|---|---|---|---|---|---|---|---|---|---|---|---|---|---|
| Iglesia Nacional Española en Roma | Iglesia Nacional Española en Roma | 17/07/2018 | HIS.ECL 223.1 | 51709 | 17/07/2018 | 17/07/2018 | Monografías | V. 1: Desde los orígenes hasta el siglo XIX | |||||
| Iglesia Nacional Española en Roma | Iglesia Nacional Española en Roma | 17/07/2018 | HIS.ECL 223.2 | 51710 | 17/07/2018 | 17/07/2018 | Monografías | V. 2: El siglo XIX |